[Event "Voronezh op-B 20th"]
[Site "Voronezh"]
[Date "2016.06.19"]
[Round "7"]
[White "Filippov, Vladimir Mikhailovi"]
[Black "Ustinov, Alexey"]
[Result "0-1"]
[WhiteElo "1846"]
[BlackElo "2132"]
[PlyCount "72"]
[EventDate "2016.06.12"]
[EventType "swiss"]
[EventRounds "9"]
[EventCountry "RUS"]
[SourceTitle "EXT 2017"]
[Source "ChessBase"]
[SourceDate "2016.10.25"]
[SourceVersion "1"]
[SourceVersionDate "2016.10.25"]
[SourceQuality "1"]

1. Nf3 g6 2. g3 Bg7 3. Bg2 Nf6 4. c4 0-0 5. Nc3 d5 6. cxd5 Nxd5 7. 0-0 Nc6 8. d4 Nb6 9. e3 e5 10. dxe5 Nxe5 11. Nxe5 Bxe5 12. e4 Qxd1 13. Rxd1 c6 14. Bh6 Re8 15. Rac1 Bg4 16. f3 Be6 17. b3 Rad8 18. Ne2 a5 19. Be3 Bc7 20. Nd4 Bc8 21. Bg5 Rd7 22. Bh3 Rxd4 23. Rxd4 Bxh3 24. g4 h5 25. gxh5 gxh5 26. Kf2 Nd7 27. Rd2 Nf8 28. Rg1 Ng6 29. Be3 Kh7 30. Rg5 Re5 31. Rxe5 Bxe5 32. Bb6 Bxh2 33. Bd4 h4 34. Rd3 Bg3+ 35. Kg1 Nf4 36. Rd1 Bg2 0-1

[Event "Voronezh Winter Rating op"]
[Site "Voronezh"]
[Date "2015.01.24"]
[Round "5"]
[White "Filippov, Vladimir Mikhailovi"]
[Black "Aleksandrov, Victor"]
[Result "1/2-1/2"]
[WhiteElo "1957"]
[BlackElo "1867"]
[PlyCount "60"]
[EventDate "2015.01.17"]
[EventType "swiss"]
[EventRounds "9"]
[EventCountry "RUS"]
[SourceTitle "EXT 2017"]
[Source "ChessBase"]
[SourceDate "2016.10.25"]
[SourceVersion "1"]
[SourceVersionDate "2016.10.25"]
[SourceQuality "1"]

1. Nf3 Nf6 2. g3 b6 3. Bg2 Bb7 4. c4 e6 5. 0-0 Be7 6. Nc3 0-0 7. Qc2 d6 8. d4 Nbd7 9. e4 e5 10. Rd1 Qc8 11. Bh3 Qb8 12. Bg5 Qe8 13. Nd5 Bd8 14. dxe5 dxe5 15. b4 h6 16. Be3 c6 17. Nc3 Bc7 18. Nh4 Rd8 19. Nf5 Kh7 20. Nd6 Bxd6 21. Rxd6 Qe7 22. c5 Ne8 23. Rd2 b5 24. Rad1 Nef6 25. Rd6 Nb8 26. Qd2 Rde8 27. f3 Bc8 28. Bxc8 Rxc8 29. a3 Na6 30. Ne2 Nb8 1/2-1/2

[Event "Voronezh op-B 18th"]
[Site "Voronezh"]
[Date "2014.06.16"]
[Round "5"]
[White "Filippov, Vladimir Mikhailovi"]
[Black "Sychev, Victor"]
[Result "1-0"]
[WhiteElo "2015"]
[BlackElo "1736"]
[PlyCount "123"]
[EventDate "2014.06.12"]
[EventType "swiss"]
[EventRounds "9"]
[EventCountry "RUS"]
[SourceTitle "EXT 2015"]
[Source "ChessBase"]
[SourceDate "2014.11.20"]
[SourceVersion "1"]
[SourceVersionDate "2014.11.20"]
[SourceQuality "1"]

1. Nf3 Nf6 2. d4 d5 3. e3 Bg4 4. Bd3 Nbd7 5. Be2 e6 6. 0-0 c5 7. c3 Be7 8. Nbd2 0-0 9. b3 cxd4 10. exd4 Rc8 11. Bb2 Bd6 12. c4 b6 13. Rc1 Re8 14. Re1 Nf8 15. Qc2 Ng6 16. g3 Bf5 17. Bd3 Bxd3 18. Qxd3 Bb4 19. a3 dxc4 20. bxc4 Bf8 21. Ne4 Nxe4 22. Qxe4 Be7 23. h4 Bf6 24. Red1 Qc7 25. Rd2 Red8 26. Rdc2 Qd6 27. Qe3 Qb8 28. Qe4 h6 29. Kg2 Qa8 30. Qxa8 Rxa8 31. c5 bxc5 32. dxc5 Rdc8 33. Bxf6 gxf6 34. Kf1 Kf8 35. Ke2 Ne5 36. Nxe5 fxe5 37. Ke3 f5 38. f3 Rc7 39. Rc4 Rg7 40. g4 Ke7 41. Ra4 Kf6 42. c6 Rc7 43. Rac4 Rac8 44. a4 Ke7 45. g5 hxg5 46. hxg5 Rh8 47. Rb1 Kd6 48. Rd1+ Ke7 49. Rb4 Rhc8 50. Rb7 Rxb7 51. cxb7 Rb8 52. Rb1 Kd6 53. a5 a6 54. Rb6+ Ke7 55. f4 e4 56. Kd4 Kf7 57. Kc5 e3 58. Kc6 e2 59. Rb1 Rd8 60. Re1 Rd1 61. Rxe2 Rb1 62. Kc7 1-0

[Event "Voronezh-ch"]
[Site "Voronezh"]
[Date "2013.10.23"]
[Round "5"]
[White "Filippov, Vladimir Mikhailovi"]
[Black "Polyansky, Viktor"]
[Result "0-1"]
[WhiteElo "2000"]
[BlackElo "1939"]
[PlyCount "92"]
[EventDate "2013.10.18"]
[EventType "swiss"]
[EventRounds "9"]
[EventCountry "RUS"]
[SourceTitle "EXT 2014"]
[Source "ChessBase"]
[SourceDate "2013.11.20"]
[SourceVersion "1"]
[SourceVersionDate "2013.11.20"]
[SourceQuality "1"]

1. d4 Nf6 2. Nf3 g6 3. c4 Bg7 4. g3 b6 5. Nc3 Bb7 6. Bg2 0-0 7. 0-0 d6 8. Qc2 Nbd7 9. Rd1 a6 10. Bg5 h6 11. Bf4 Re8 12. h4 Nf8 13. Ne1 Bxg2 14. Nxg2 Qc8 15. Rab1 Qh3 16. f3 Nh5 17. Qd2 Ne6 18. Bxh6 Bxd4+ 19. e3 Bxc3 20. Qxc3 Nxg3 21. Qe1 Nf5 22. Nf4 Nxf4 23. Bxf4 Nxh4 24. Qg3 Nxf3+ 25. Kf2 Qxg3+ 26. Kxg3 e5 27. Kxf3 exf4 28. exf4 Re6 29. Re1 Rae8 30. Rxe6 Rxe6 31. b4 Kg7 32. a4 f5 33. c5 dxc5 34. bxc5 Rc6 35. cxb6 cxb6 36. Rb4 Kf6 37. Ke3 Ke6 38. Kd4 Rd6+ 39. Kc4 Kd7 40. Rb2 Kc6 41. Rg2 Re6 42. Rg3 a5 43. Kb3 Kc5 44. Rg1 Re3+ 45. Kb2 Re4 46. Rxg6 Rxa4 0-1

[Event "Voronezh-ch"]
[Site "Voronezh"]
[Date "2013.10.19"]
[Round "2"]
[White "Lukovnikov, Alexander"]
[Black "Filippov, Vladimir Mikhailovi"]
[Result "1-0"]
[WhiteElo "2270"]
[BlackElo "2000"]
[PlyCount "69"]
[EventDate "2013.10.18"]
[EventType "swiss"]
[EventRounds "9"]
[EventCountry "RUS"]
[SourceTitle "EXT 2014"]
[Source "ChessBase"]
[SourceDate "2013.11.20"]
[SourceVersion "1"]
[SourceVersionDate "2013.11.20"]
[SourceQuality "1"]

1. d4 Nf6 2. c4 d6 3. Nc3 Nbd7 4. Nf3 e5 5. Bg5 Be7 6. Qc2 c6 7. e3 Qa5 8. Bd3 Nf8 9. dxe5 dxe5 10. 0-0 Bg4 11. Nd2 h6 12. Bxf6 Bxf6 13. Bf5 Bxf5 14. Qxf5 Ng6 15. Nde4 Be7 16. Rad1 0-0 17. g3 Rad8 18. h4 Rxd1 19. Rxd1 Rd8 20. Rd7 h5 21. Ng5 Rxd7 22. Qxf7+ Kh8 23. Qxg6 Rd1+ 24. Kg2 Bxg5 25. Qxh5+ Bh6 26. Qxd1 Qb4 27. Qd8+ Kh7 28. Qd3+ g6 29. b3 e4 30. Nxe4 Qb6 31. Qd7+ Bg7 32. Ng5+ Kh6 33. Nf7+ Kh7 34. h5 Bh6 35. Ng5+ 1-0

[Event "Zagorovsky Memorial op"]
[Site "Voronezh"]
[Date "2013.06.28"]
[Round "4"]
[White "Kostin, Alexey"]
[Black "Filippov, Vladimir Mikhailovi"]
[Result "1-0"]
[WhiteElo "2312"]
[BlackElo "1980"]
[PlyCount "69"]
[EventDate "2013.06.25"]
[EventType "swiss"]
[EventRounds "9"]
[EventCountry "RUS"]
[SourceTitle "EXT 2014"]
[Source "ChessBase"]
[SourceDate "2013.11.20"]
[SourceVersion "1"]
[SourceVersionDate "2013.11.20"]
[SourceQuality "1"]

1. e4 d5 2. exd5 Qxd5 3. d4 Nf6 4. c4 Qd8 5. Be2 Bf5 6. Nf3 e6 7. Nc3 h6 8. 0-0 Be7 9. Be3 c6 10. h3 Nbd7 11. a3 Ne4 12. Nxe4 Bxe4 13. b4 a6 14. Nd2 Bh7 15. Bf3 0-0 16. Qb3 Nf6 17. Rfd1 Qd7 18. Qb2 Rfd8 19. Nb3 Ne4 20. Nc5 Nxc5 21. bxc5 Qc7 22. Rac1 Bf6 23. Qb3 Bg6 24. g3 Rd7 25. Bf4 Qd8 26. d5 exd5 27. cxd5 cxd5 28. Rxd5 Rxd5 29. Bxd5 Ra7 30. Rd1 Qa8 31. Qb6 Bf5 32. g4 Bg6 33. c6 bxc6 34. Bxc6 Qc8 35. Bb8 1-0